[Event "PAR-ch"]
[Site "Asuncion"]
[Date "2010.07.04"]
[Round "9"]
[White "Benitez Irazusta, Eduardo A"]
[Black "Gomez Harika, Marcelo"]
[Result "1-0"]
[WhiteElo "1595"]
[BlackElo "1503"]
[PlyCount "80"]
[EventDate "2010.06.12"]
[EventType "swiss"]
[EventRounds "9"]
[EventCountry "PAR"]
[SourceTitle "CBM 137 Extra"]
[Source "ChessBase"]
[SourceDate "2010.09.01"]
[SourceVersion "1"]
[SourceVersionDate "2010.09.01"]
[SourceQuality "1"]

1. e4 c5 2. Nf3 Nc6 3. Be2 Nf6 4. d3 e6 5. 0-0 Be7 6. c3 0-0 7. Ng5 d5 8. Nd2 h6 9. Ngf3 Qc7 10. h3 b6 11. Re1 Bb7 12. Bf1 Rad8 13. e5 Nd7 14. d4 cxd4 15. cxd4 Nb4 16. Nb3 Nc2 17. Bd3 Nxe1 18. Nxe1 Kh8 19. Qh5 f5 20. Bxh6 gxh6 21. Qxh6+ Kg8 22. Rc1 Nc5 23. Qg6+ Kh8 24. Nf3 Qd7 25. dxc5 bxc5 26. Nxc5 Bxc5 27. Rxc5 Rg8 28. Qh6+ Qh7 29. Qxe6 Qg7 30. Nh4 Bc8 31. Rxc8 Rxc8 32. Qxf5 Rc1+ 33. Kh2 Qh6 34. Ng6+ Kh7 35. Ne7+ Kh8 36. Nxg8 Kxg8 37. e6 Rc7 38. g3 Re7 39. Qxd5 Qxe6 40. Qxe6+ Rxe6 1-0

[Event "PAR-ch"]
[Site "Asuncion"]
[Date "2010.06.27"]
[Round "7"]
[White "Gomez Harika, Marcelo"]
[Black "Heinechen, John"]
[Result "1-0"]
[WhiteElo "1503"]
[BlackElo "1778"]
[PlyCount "71"]
[EventDate "2010.06.12"]
[EventType "swiss"]
[EventRounds "9"]
[EventCountry "PAR"]
[SourceTitle "CBM 137 Extra"]
[Source "ChessBase"]
[SourceDate "2010.09.01"]
[SourceVersion "1"]
[SourceVersionDate "2010.09.01"]
[SourceQuality "1"]

1. e4 c5 2. Nf3 e6 3. d4 cxd4 4. Nxd4 Qb6 5. Be2 Bc5 6. c3 Nc6 7. 0-0 Nxd4 8. cxd4 Bxd4 9. Nc3 Bxc3 10. bxc3 Nf6 11. e5 Nd5 12. Qd4 Qxd4 13. cxd4 0-0 14. Ba3 Re8 15. Bd6 b6 16. Rac1 Bb7 17. Bb5 Nf4 18. f3 Rec8 19. g3 a6 20. Rxc8+ Rxc8 21. gxf4 axb5 22. Rb1 Bc6 23. Rb3 Ra8 24. a3 h5 25. h4 Kh7 26. Kf2 Kg6 27. Rb1 f6 28. Ke3 Ra4 29. Bb4 Ra8 30. Bd6 Kf5 31. Rg1 g6 32. Be7 d6 33. exf6 Rxa3+ 34. Kd2 Be8 35. Rg5+ Kxf4 36. Bxd6+ 1-0

[Event "PAR-ch"]
[Site "Asuncion"]
[Date "2010.06.13"]
[Round "3"]
[White "Gomez Harika, Marcelo"]
[Black "Gutierrez, Santiago"]
[Result "1-0"]
[WhiteElo "1503"]
[BlackElo "1832"]
[PlyCount "99"]
[EventDate "2010.06.12"]
[EventType "swiss"]
[EventRounds "9"]
[EventCountry "PAR"]
[SourceTitle "CBM 137 Extra"]
[Source "ChessBase"]
[SourceDate "2010.09.01"]
[SourceVersion "1"]
[SourceVersionDate "2010.09.01"]
[SourceQuality "1"]

1. e4 c5 2. Nf3 e6 3. d4 cxd4 4. Nxd4 a6 5. Nc3 Nc6 6. a3 Qc7 7. Be3 Nf6 8. Be2 Be7 9. Qd2 0-0 10. 0-0 b5 11. b4 Bb7 12. Nb3 d6 13. f3 Rac8 14. Nd1 Ne5 15. Rc1 d5 16. exd5 Nxd5 17. Bc5 Rfd8 18. Qe1 Nc4 19. Bxc4 bxc4 20. Bxe7 Nxe7 21. Nc5 a5 22. c3 axb4 23. axb4 Ra8 24. Ne3 Bd5 25. Qe2 Qc6 26. Rfd1 Qb5 27. Rd4 Ra3 28. Qd2 Rda8 29. Nxc4 Ra2 30. Nd6 Qc6 31. Qf4 f6 32. Rdd1 e5 33. Qg4 Qxd6 34. c4 f5 35. Qg3 Rb2 36. cxd5 Raa2 37. Ne6 Rxg2+ 38. Qxg2 Rxg2+ 39. Kxg2 Nxd5 40. Rc8+ Kf7 41. Rd8 Ne3+ 42. Kh1 Qxe6 43. R1d7+ Kf6 44. Rd6 e4 45. fxe4 fxe4 46. Rxe6+ Kxe6 47. b5 Nc4 48. Rd4 Nd6 49. b6 Kd7 50. b7 1-0

[Event "PAR-ch"]
[Site "Asuncion"]
[Date "2010.06.12"]
[Round "2"]
[White "Toledo, Orlando"]
[Black "Gomez Harika, Marcelo"]
[Result "0-1"]
[WhiteElo "1784"]
[BlackElo "1503"]
[PlyCount "66"]
[EventDate "2010.06.12"]
[EventType "swiss"]
[EventRounds "9"]
[EventCountry "PAR"]
[SourceTitle "CBM 137 Extra"]
[Source "ChessBase"]
[SourceDate "2010.09.01"]
[SourceVersion "1"]
[SourceVersionDate "2010.09.01"]
[SourceQuality "1"]

1. e4 c5 2. Nf3 Nc6 3. Bb5 Nf6 4. Nc3 a6 5. Bxc6 bxc6 6. d3 e6 7. Ne2 d5 8. e5 Nd7 9. c3 Be7 10. 0-0 0-0 11. d4 a5 12. Be3 Ba6 13. Re1 Bxe2 14. Qxe2 c4 15. Qc2 Re8 16. Nd2 c5 17. Nf3 h6 18. Nd2 Qc7 19. f4 g6 20. Nf3 Bf8 21. Qf2 cxd4 22. Bxd4 Nc5 23. Bxc5 Bxc5 24. Nd4 Qb6 25. Kh1 Bxd4 26. Qxd4 Qxd4 27. cxd4 Rab8 28. Rab1 a4 29. Re3 Rb4 30. a3 Rb5 31. Kg1 Reb8 32. Kf1 Rxb2 33. Rc1 Ra2 0-1

[Event "Asuncion Roggio Cup-C 3rd"]
[Site "Asuncion"]
[Date "2010.05.20"]
[Round "1"]
[White "Gomez Harika, Marcelo"]
[Black "Villamayor, Fernando"]
[Result "0-1"]
[WhiteElo "1518"]
[BlackElo "1987"]
[PlyCount "58"]
[EventDate "2010.05.20"]
[EventType "swiss"]
[EventRounds "9"]
[EventCountry "PAR"]
[SourceTitle "CBM 136 Extra"]
[Source "ChessBase"]
[SourceDate "2010.07.02"]
[SourceVersion "2"]
[SourceVersionDate "2010.07.15"]
[SourceQuality "1"]

1. e4 e5 2. Nf3 d6 3. Bc4 Be7 4. Nc3 c6 5. d4 Nd7 6. Be3 Ngf6 7. Qd2 b5 8. Bd3 0-0 9. d5 b4 10. Ne2 cxd5 11. Ng3 dxe4 12. Bxe4 Nxe4 13. Nxe4 Nf6 14. Nxf6+ Bxf6 15. Qxb4 Qc7 16. 0-0 d5 17. Bc5 Re8 18. c3 e4 19. Nd4 Be5 20. h3 Ba6 21. Rfe1 Rac8 22. Nb3 Re6 23. Bd4 Bd6 24. Qa5 Qe7 25. Be3 Rg6 26. Nd4 Qe5 27. f4 exf3 28. Nxf3 Rxg2+ 29. Kh1 Rh2+ 0-1

[Event "Asuncion Preclasificatorio Mayor"]
[Site "Asuncion"]
[Date "2010.05.05"]
[Round "9"]
[White "Gomez Harika, Marcelo"]
[Black "Riva, Eric"]
[Result "1/2-1/2"]
[WhiteElo "1503"]
[BlackElo "1639"]
[PlyCount "60"]
[EventDate "2010.04.05"]
[EventType "swiss"]
[EventRounds "9"]
[EventCountry "PAR"]
[SourceTitle "EXT 2023"]
[Source "ChessBase"]
[SourceDate "2022.10.05"]
[SourceVersion "1"]
[SourceVersionDate "2022.10.05"]
[SourceQuality "1"]

1. e4 e6 2. d4 Nc6 3. Nf3 Nf6 4. Nc3 d6 5. Be3 Be7 6. Bd3 0-0 7. Qd2 b6 8. 0-0-0 Bb7 9. h3 a5 10. g4 Nb4 11. g5 Nxd3+ 12. Qxd3 Nd7 13. h4 c5 14. d5 a4 15. h5 exd5 16. exd5 g6 17. hxg6 fxg6 18. Rh3 Rxf3 19. Rxf3 Ne5 20. Qe4 Nxf3 21. Qxf3 Bxg5 22. Qg4 Bxe3+ 23. fxe3 a3 24. Qe6+ Kh8 25. Ne4 axb2+ 26. Kb1 Bc8 27. Qf7 Qg8 28. Qf6+ Qg7 29. Qd8+ Qg8 30. Qf6+ Qg7 1/2-1/2

[Event "Asuncion Preclasificatorio Mayor"]
[Site "Asuncion"]
[Date "2010.05.04"]
[Round "8"]
[White "Florentin, Damaso"]
[Black "Gomez Harika, Marcelo"]
[Result "1-0"]
[WhiteElo "1782"]
[BlackElo "1503"]
[PlyCount "103"]
[EventDate "2010.04.05"]
[EventType "swiss"]
[EventRounds "9"]
[EventCountry "PAR"]
[SourceTitle "EXT 2023"]
[Source "ChessBase"]
[SourceDate "2022.10.05"]
[SourceVersion "1"]
[SourceVersionDate "2022.10.05"]
[SourceQuality "1"]

1. d4 Nf6 2. Nf3 g6 3. c4 Bg7 4. e3 d6 5. Be2 0-0 6. Nc3 Nc6 7. a3 e5 8. d5 Ne7 9. e4 Nd7 10. Qc2 f5 11. Bd3 f4 12. b4 Nf6 13. h4 h5 14. Bb2 Bd7 15. c5 a6 16. Rc1 b6 17. c6 Bg4 18. a4 a5 19. b5 Kh8 20. Nd2 Neg8 21. f3 Bc8 22. Nc4 Nh6 23. Qf2 Rg8 24. Kd2 Bf8 25. Ne2 Be7 26. Rcg1 Rg7 27. Kc2 Kg8 28. g3 fxg3 29. Qxg3 Kf7 30. Bc1 Qh8 31. Be3 Rb8 32. Rg2 Rg8 33. Rhg1 Qg7 34. Qf2 Qh8 35. Bg5 Ke8 36. Qe3 Nf7 37. Qd2 Nxg5 38. hxg5 Nh7 39. f4 exf4 40. Qxf4 Rf8 41. Qe3 Bg4 42. Rxg4 hxg4 43. Rxg4 Qg7 44. e5 Kd8 45. Nd4 Nxg5 46. Rxg5 Bxg5 47. Qxg5+ Qe7 48. Ne6+ Ke8 49. Bxg6+ Rf7 50. exd6 cxd6 51. Bxf7+ Kxf7 52. Qg7+ 1-0

[Event "Asuncion Preclasificatorio Mayor"]
[Site "Asuncion"]
[Date "2010.04.23"]
[Round "5"]
[White "Gomez Harika, Marcelo"]
[Black "Toledo, Orlando"]
[Result "1-0"]
[WhiteElo "1503"]
[BlackElo "1784"]
[PlyCount "87"]
[EventDate "2010.04.05"]
[EventType "swiss"]
[EventRounds "9"]
[EventCountry "PAR"]
[SourceTitle "EXT 2023"]
[Source "ChessBase"]
[SourceDate "2022.10.05"]
[SourceVersion "1"]
[SourceVersionDate "2022.10.05"]
[SourceQuality "1"]

1. e4 e6 2. d4 d5 3. e5 c5 4. c3 Nc6 5. Nf3 Qb6 6. a3 cxd4 7. cxd4 Nge7 8. b4 a6 9. Nc3 Nf5 10. Be3 Bd7 11. Na4 Qd8 12. Bd3 Nxe3 13. fxe3 Be7 14. 0-0 h6 15. Nc5 Bxc5 16. bxc5 Ne7 17. Rb1 Bc6 18. Nd2 Qa5 19. Ra1 Rf8 20. Nb3 Qc7 21. a4 0-0-0 22. Qd2 Bd7 23. Na5 Nc6 24. Nxc6 Bxc6 25. a5 f6 26. exf6 Rxf6 27. Rxf6 gxf6 28. Rb1 Rg8 29. Rb6 Kd7 30. Qf2 Qd8 31. Qf4 Qf8 32. e4 Rg5 33. h4 e5 34. Qf3 Rg7 35. exd5 Ba4 36. Rxb7+ Kc8 37. Bxa6 Rxb7 38. c6 Qb4 39. Bxb7+ Kc7 40. dxe5 Qe1+ 41. Qf1 Qxe5 42. a6 Qd4+ 43. Qf2 Qxd5 44. Qf4+ 1-0

[Event "Asuncion Preclasificatorio Mayor"]
[Site "Asuncion"]
[Date "2010.04.21"]
[Round "4"]
[White "Recalde, Ariel"]
[Black "Gomez Harika, Marcelo"]
[Result "1-0"]
[WhiteElo "1977"]
[BlackElo "1503"]
[PlyCount "75"]
[EventDate "2010.04.05"]
[EventType "swiss"]
[EventRounds "9"]
[EventCountry "PAR"]
[SourceTitle "EXT 2023"]
[Source "ChessBase"]
[SourceDate "2022.10.05"]
[SourceVersion "1"]
[SourceVersionDate "2022.10.05"]
[SourceQuality "1"]

1. d4 Nf6 2. c4 g6 3. Nc3 Bg7 4. e4 d6 5. Be2 0-0 6. Nf3 e5 7. 0-0 Nc6 8. d5 Ne7 9. Ne1 Nd7 10. Be3 f5 11. f3 f4 12. Bf2 g5 13. Nb5 a6 14. Na7 Rxa7 15. Bxa7 b6 16. a4 Bb7 17. a5 Qa8 18. axb6 cxb6 19. c5 bxc5 20. Bxa6 Bxa6 21. Rxa6 Qb7 22. Qa4 Ra8 23. Nd3 Nc8 24. Ra1 c4 25. Nb4 Ndb6 26. Bxb6 Rxa6 27. Qxa6 Qxb6+ 28. Qxb6 Nxb6 29. Ra6 Nd7 30. Rxd6 Bf8 31. Rxd7 Bxb4 32. Rc7 Bd6 33. Rxc4 h5 34. Rc6 Bb4 35. Rg6+ Kf7 36. Rxg5 Bc5+ 37. Kf1 Bd4 38. b4 1-0

[Event "Carlos Duria Memorial 4th"]
[Site "Asuncion"]
[Date "2010.01.27"]
[Round "9"]
[White "Toledo, Orlando"]
[Black "Gomez Harika, Marcelo"]
[Result "0-1"]
[WhiteElo "1802"]
[BlackElo "1482"]
[PlyCount "56"]
[EventDate "2010.01.20"]
[EventType "swiss"]
[EventRounds "9"]
[EventCountry "PAR"]
[SourceTitle "EXT 2023"]
[Source "ChessBase"]
[SourceDate "2022.10.05"]
[SourceVersion "1"]
[SourceVersionDate "2022.10.05"]
[SourceQuality "1"]

1. e4 c5 2. Ne2 Nc6 3. d3 e5 4. Nbc3 Nf6 5. Bg5 d6 6. h3 h6 7. Be3 Be6 8. Qd2 Be7 9. 0-0-0 Nd4 10. f4 g6 11. g4 Nf3 12. f5 Bd7 13. fxg6 fxg6 14. Bxh6 Nxd2 15. Bxd2 b5 16. Bg2 b4 17. Nd5 Nxd5 18. exd5 Bg5 19. Be4 Bxd2+ 20. Rxd2 Qg5 21. Kd1 0-0-0 22. Kc1 Rh6 23. h4 Rxh4 24. Rxh4 Qxh4 25. Kb1 Qe1+ 26. Rd1 Qxd1+ 27. Nc1 Rh8 28. Ka1 Qxc1# 0-1

[Event "Carlos Duria Memorial 4th"]
[Site "Asuncion"]
[Date "2010.01.21"]
[Round "2"]
[White "Rivarola, Paul"]
[Black "Gomez Harika, Marcelo"]
[Result "0-1"]
[WhiteElo "1626"]
[BlackElo "1432"]
[PlyCount "76"]
[EventDate "2010.01.20"]
[EventType "swiss"]
[EventRounds "9"]
[EventCountry "PAR"]
[SourceTitle "EXT 2023"]
[Source "ChessBase"]
[SourceDate "2022.10.05"]
[SourceVersion "1"]
[SourceVersionDate "2022.10.05"]
[SourceQuality "1"]

1. d4 Nf6 2. Nf3 g6 3. c4 Bg7 4. Nc3 d6 5. e4 0-0 6. Bd3 Nbd7 7. 0-0 e5 8. d5 Ne8 9. Nd2 Nc5 10. Bc2 f5 11. f3 f4 12. b4 Nd7 13. Nb3 g5 14. c5 Ndf6 15. Qe2 h5 16. Bd2 g4 17. Kh1 Nh7 18. cxd6 cxd6 19. Be1 Qg5 20. Qf2 Bf6 21. Rc1 Rf7 22. Na5 Rg7 23. fxg4 hxg4 24. Bd1 g3 25. Qf3 gxh2 26. Rc2 Bd8 27. Qh5 Qe7 28. Nb3 Nef6 29. Qh4 Bg4 30. Bxg4 Nxg4 31. Qxe7 Bxe7 32. Bf2 Ng5 33. Na5 f3 34. gxf3 Nxf3 35. Bxa7 Rf8 36. Nd1 Bh4 37. Bf2 Nxf2+ 38. Nxf2 Rg1+ 0-1